<?xml version="1.0" encoding="UTF-8"?><?xml-stylesheet type="text/xsl" href="static/style.xsl"?><OAI-PMH xmlns="http://www.openarchives.org/OAI/2.0/" xmlns:xsi="http://www.w3.org/2001/XMLSchema-instance" xsi:schemaLocation="http://www.openarchives.org/OAI/2.0/ http://www.openarchives.org/OAI/2.0/OAI-PMH.xsd"><responseDate>2026-04-29T09:18:49Z</responseDate><request verb="GetRecord" identifier="oai:riubu.ubu.es:10259/5354" metadataPrefix="marc">https://riubu.ubu.es/oai/request</request><GetRecord><record><header><identifier>oai:riubu.ubu.es:10259/5354</identifier><datestamp>2022-04-08T11:06:27Z</datestamp><setSpec>com_10259_2699</setSpec><setSpec>col_10259_2701</setSpec></header><metadata><record xmlns="http://www.loc.gov/MARC21/slim" xmlns:doc="http://www.lyncode.com/xoai" xmlns:xsi="http://www.w3.org/2001/XMLSchema-instance" xmlns:dcterms="http://purl.org/dc/terms/" xsi:schemaLocation="http://www.loc.gov/MARC21/slim http://www.loc.gov/standards/marcxml/schema/MARC21slim.xsd">
<leader>00925njm 22002777a 4500</leader>
<datafield tag="042" ind1=" " ind2=" ">
<subfield code="a">dc</subfield>
</datafield>
<datafield tag="720" ind1=" " ind2=" ">
<subfield code="a">Illera Gigante, Alba Ester</subfield>
<subfield code="e">author</subfield>
</datafield>
<datafield tag="260" ind1=" " ind2=" ">
<subfield code="c">2019</subfield>
</datafield>
<datafield tag="520" ind1=" " ind2=" ">
<subfield code="a">La preocupación por consumir productos más saludables, con aspecto natural y mínimamente procesados ha aumentado notablemente. Con el fin de asegurar la seguridad de un alimento, la técnica habitual es el tratamiento térmico, pero esto conlleva una pérdida de nutrientes y de calidad. Es necesario buscar tecnologías alternativas que consigan la inactivación enzimática manteniendo la calidad del producto. La principal tecnología estudiada es el dióxido de carbono presurizado (HPCD), que emplea CO2 a alta presión a temperaturas moderadas, lo que evita la pérdida de nutrientes. El principal alimento estudiado es zumo de manzana no clarificado, pero esta tecnología también se ha aplicado en otros alimentos para comparar su efecto. La tecnología HPCD se ha comparado con la termosonicación, el plasma frío o las altas presiones hidrostáticas. También se ha estudiado el efecto de estos tratamientos en propiedades de calidad del alimento y su evolución a lo largo del tiempo.&#xd;
Palabras</subfield>
</datafield>
<datafield tag="520" ind1=" " ind2=" ">
<subfield code="a">The awareness of consuming healthy, fresh-like and minimally processed products has notably increased. Food Industry usually employs thermal treatments to assure food safety, but it can produce the loss of quality and nutritional properties. Finding alternative non thermal technologies to achieve enzymatic inactivation while maintaining the quality of the food is of great interest. The main studied technology is High Pressure Carbon Dioxide (HPCD), which employs pressurized CO2 at mild temperatures, avoiding the loss of thermolabile compounds. Cloudy apple juice is the main studied product, but this technology has been also applied on other food products to compare its effect. HPCD technology has been compared with thermosonication, cold plasma or high pressure processing. The effect of these treatments over quality properties and their changes during storage has also been studied.</subfield>
</datafield>
<datafield tag="024" ind2=" " ind1="8">
<subfield code="a">http://hdl.handle.net/10259/5354</subfield>
</datafield>
<datafield tag="024" ind2=" " ind1="8">
<subfield code="a">10.36443/10259/5354</subfield>
</datafield>
<datafield ind1=" " ind2=" " tag="653">
<subfield code="a">Tecnologías no térmicas</subfield>
</datafield>
<datafield ind1=" " ind2=" " tag="653">
<subfield code="a">alimentos frescos</subfield>
</datafield>
<datafield ind1=" " ind2=" " tag="653">
<subfield code="a">zumo de manzana no clarificado</subfield>
</datafield>
<datafield ind1=" " ind2=" " tag="653">
<subfield code="a">inactivación enzimática</subfield>
</datafield>
<datafield ind1=" " ind2=" " tag="653">
<subfield code="a">propiedades de calidad</subfield>
</datafield>
<datafield ind1=" " ind2=" " tag="653">
<subfield code="a">Non-thermal technologies</subfield>
</datafield>
<datafield ind1=" " ind2=" " tag="653">
<subfield code="a">fresh food</subfield>
</datafield>
<datafield ind1=" " ind2=" " tag="653">
<subfield code="a">cloudy apple juice</subfield>
</datafield>
<datafield ind1=" " ind2=" " tag="653">
<subfield code="a">enzyme inactivation</subfield>
</datafield>
<datafield ind1=" " ind2=" " tag="653">
<subfield code="a">quality properties</subfield>
</datafield>
<datafield tag="245" ind1="0" ind2="0">
<subfield code="a">Study of non-thermal technologies to preserve the quality of fresh foods</subfield>
</datafield>
</record></metadata></record></GetRecord></OAI-PMH>